=LDR 00000nam 2200000 4500 =001 INLIS000000000045639 =005 20150324125134.0 =006 =007 =008 =020 ##$$a 978-602=8823-04-3 =035 ##$$0010-021500000000199 =040 ##$$a NBPDMAT =082 ##$$a 094 =090 ##$$a 094 $b Hen m =100 ##$$a Hendrawati =245 ##$$a Mengenas Moluska / $c Oleh Hendrawati , Ria Novita Sari , editor Endah Rukmini =260 ##$$a Jakarta $b Intimeida Cipta Nusantara 2010 =300 ##$$a vi, 57 hlm $b Ilus $c 24 cm =500 ##$$a Bibliografi : hal. 56 =650 ##$$a Moluska =700 ##$$a Ria Novita Sari =700 ##$$a Endah Rukmini =990 ##$$a 0001/BPAP-NTB/20142015 =990 ##$$a 0001/BPAP-NTB/2016 =990 ##$$a 0001/BPAP-NTB/2016